1862 1555 1533 1857 1921 1463 1145 1379 1682 1057 1053 1071 1265 1281 1424 1324 1503 1345 1125 1804 1372 1640 1601 1418 1451 1439 1129 1968 1114 1788 1529 1825 1991 1066 1372 1161 1136 1262 1820 1020 1155 1775 1969 1679 1992 1621 1578 1552 1616 1684 1488 1732 1647 1362 1674 1738 1841 1114 1255 1892 1259 1767 1959 1405 1938 1561 1935 1050 1287 1048 1794 1791 1298 1443 1697 1800 1848 1793 1886 1379 1287 1249 1234 1803 1711 1483 1636 1139 1177 1487 1917 1831 1854 1569 1822 1562 1890 1330 1110 BCNSPRNW ULIB Ver.6.0+V

เปลี่ยนเป็นภาษาไทย

Change to English
 แสดงรายละเอียดบรรณานุกรม
  กลับหน้าหลัก

Brief Record : Get Marc (ISO 2709) : E-mail record : QR code < ปิดหน้าต่าง
LEADER : 00000nam 2200000uu 4500
001    13399127730
003     ULIB
008    210511s2563||||th 000 0 tha d
020 ^- ^a9786164433892
060 ^- ^aWI140^bต646
245 00 ^aตำราโรคระบบทางเดินอาหารและตับในเวชปฏิบัติ =Practical gastroenterology & hepatology /บรรณาธิการ มณฑิรา มณีรัตนะพร, สุพจน์ นิ่มอนงค์, อวยพร เค้าสมบัติวัฒนา.
246 11 ^aPractical gastroenterology & hepatology
250 ^- ^aพิมพ์ครั้งที่ 1.
260 ^- ^aกรุงเทพฯ :^bสาขาวิชาโรคระบบทางเดินอาหาร ภาควิชาอายุรศาสตร์ คณะแพทยศาสตร์ศิริราชพยาบาล,^c2563
300 ^- ^axiii, 834 หน้า :^bภาพประกอบ (ภาพสีบางภาพ)
650 ^4 ^aโรคกระเพาะอาหารและลำไส้^xการวินิจฉัย.
650  0 ^aโรคกระเพาะอาหารและลำไส้^xการรักษา.
650  0 ^aโรคตับ^xการรักษา.
650  0 ^aโรคตับ^xการวินิจฉัย.
700 0^ aมณฑิรา มณีรัตนะพร,สุพจน์ นิ่มอนงค์,อวยพร เค้าสมบัติวัฒนา,กชกร ไหมแพง,จุลจักร ลิ่มศรีวิไล,ทวีศักดิ์ แทนวันดี,นนทลี เผ่าสวัสดิ์,ปิยาภรณ์ อภิสารธนรักษ์,พูลชัย จรัสเจริญวิทยา,มานัส รุจิวโรดม,วรายุ ปรัชญกุล, วัชรศักดิ์ โชติยะปุตตะ,ศิวะพร ไชยนุวัติ,สมชาย ลีลากุศลวงศ์ และสุพจน์ พงศ์ประสบชัย.
710 2^ aคณะแพทยศาสตร์ศิริราชพยาบาล^bสาขาวิชาโรคระบบทางเดินอาหาร.
945    ^p720^l0^i28892
945    ^p720^l0^i28893
945    ^p720^l0^i28894
945    ^p720^l0^i28895
945    ^p720^l0^i28896
945    ^p720^l0^i29026
945    ^p720^l0^i29027
999    ^aกัณชพร จุลอักษร
รายการนี้ยังไม่มีแท็ก
คุณยังไม่ได้ล็อกอิน คุณสามารถมีกิจกรรมร่วมกับเว็บไซต์ได้ แต่ต้องล็อกอินก่อน ::
  ล็อกอิน

รายการสื่อสารสนเทศ

ลำดับที่ ประเภท เลขเรียก/บาร์โค้ด สถานที่ สถานะ
1. หนังสือสำรอง
หนังสือสำรอง
WI140 ต646 ฉ.1 
  Barcode: 28892
ห้องสมุดวิทยาเขตนครสวรรค์
►หนังสือทั่วไป:l:General Books
บนชั้น
2. วิทยาศาสตร์การแพทย์ และสุขภาพ
วิทยาศาสตร์การแพทย์ และสุขภาพ
WI140 ต646 ฉ.2 
  Barcode: 28893
ห้องสมุดวิทยาเขตนครสวรรค์
►หนังสือทั่วไป:l:General Books
บนชั้น
3. วิทยาศาสตร์การแพทย์ และสุขภาพ
วิทยาศาสตร์การแพทย์ และสุขภาพ
WI140 ต646 ฉ.3 
  Barcode: 28894
ห้องสมุดวิทยาเขตนครสวรรค์
►หนังสือทั่วไป:l:General Books
บนชั้น
4. วิทยาศาสตร์การแพทย์ และสุขภาพ
วิทยาศาสตร์การแพทย์ และสุขภาพ
WI140 ต646 ฉ.4 
  Barcode: 28895
ห้องสมุดวิทยาเขตนครสวรรค์
►หนังสือทั่วไป:l:General Books
บนชั้น
5. วิทยาศาสตร์การแพทย์ และสุขภาพ
วิทยาศาสตร์การแพทย์ และสุขภาพ
WI140 ต646 ฉ.5 
  Barcode: 28896
ห้องสมุดวิทยาเขตนครสวรรค์
►หนังสือทั่วไป:l:General Books
บนชั้น
6. วิทยาศาสตร์การแพทย์ และสุขภาพ
วิทยาศาสตร์การแพทย์ และสุขภาพ
WI140 ต646 ฉ.6 
  Barcode: 29026
ห้องสมุดวิทยาเขตนครสวรรค์
►หนังสือทั่วไป:l:General Books
บนชั้น
7. วิทยาศาสตร์การแพทย์ และสุขภาพ
วิทยาศาสตร์การแพทย์ และสุขภาพ
WI140 ต646 ฉ.7 
  Barcode: 29027
ห้องสมุดวิทยาเขตนครสวรรค์
►หนังสือทั่วไป:l:General Books
บนชั้น

รายการใกล้เคียง
    ชื่อเรื่อง [ตำราโรคระบบทางเดินอาหารและตับในเวชปฏิบัติ =Practical gastroenterology & hepatology /บรรณาธิการ มณฑิรา มณีรัตนะพร, สุพจน์ นิ่มอนงค์, อวยพร เค้าสมบัติวัฒนา.]

    หัวเรื่อง [โรคกระเพาะอาหารและลำไส้ การวินิจฉัย.]
    หัวเรื่อง [โรคกระเพาะอาหารและลำไส้ การรักษา.]
    หัวเรื่อง [โรคตับ การรักษา.]
    หัวเรื่อง [โรคตับ การวินิจฉัย.]

BibComment


ยังไม่เคยถูกคอมเมนท์

คอมเมนท์ทรัพยากรรายการนี้
  คอมเมนท์: ตำราโรคระบบทางเด..


 Copyright 2026. Bcnsprnw @Library